[Event "9th HDBank Open 2019"]
[Site "Ho Chi Minh City"]
[Date "2019.03.08"]
[Round "2.20"]
[White "Huang, Renjie"]
[Black "Shyaamnikhil P"]
[Result "1/2-1/2"]
[WhiteElo "2335"]
[BlackElo "2429"]
[Annotator "TA"]
[PlyCount "140"]
[EventDate "2019.03.07"]
[EventType "swiss"]
[EventCountry "VIE"]
[SourceTitle "playchess.com"]
[Source "ChessBase"]
[SourceQuality "1"]

{[%evp 13,140,4,0,0,15,-5,-6,-16,-17,-3,-4,-14,-7,0,0,0,0,-7,-1,0,-8,-7,15,0,29,0,31,20,46,19,29,18,22,19,26,12,119,128,126,90,97,95,152,91,120,81,85,85,85,83,77,70,75,70,70,70,70,70,74,70,70,70,79,70,79,77,112,70,70,70,70,70,73,70,70,70,70,70,168,153,243,243,243,70,70,70,70,70,70,70,70,70,33,32,70,70,70,70,70,70,70,70,70,70,70,70,70,0,0,0,0,0,0,0,0,0,20,0,20,20,20,20,20,20,20,20,20,20,20]} 1. e4 c5 2. Nf3 d6 3. d4 Nf6 4. Nc3 cxd4 5. Nxd4 a6 6. Bc4 e6 7. O-O Be7 8. Qf3 {B86: Sicilian Scheveningen/Najdorf: 6 Bc4, without early ...b5} (8. Bb3 O-O 9. f4 b5 10. f5 e5 11. Nde2 Bb7 12. Bg5 Nbd7 13. Ng3 Rc8 14. Bxf6 Nxf6 15. Nh5 Rxc3 16. Nxf6+ Bxf6 17. bxc3 Bxe4 18. Bd5 Qb6+ 19. Kh1 Bxd5 20. Qxd5 Rc8 {1-0 (48) Kasimdzhanov,R (2704)-Grischuk,A (2774) Berlin 2015}) 8... Qc7 9. Be2 b5 10. a3 Bb7 11. Qg3 O-O 12. Bh6 {[%csl Gh6][%cal Rg3g7]} Ne8 13. Rad1 Bf6 $146 ({Predecessor:} 13... Kh8 14. Be3 Nc6 15. Nxc6 Bxc6 {½-½ (31) Shchebenyuk,M (2284)-Giobbi,C (2278) ICCF email 2002}) 14. Be3 Nc6 15. f4 Nxd4 16. Bxd4 Bxd4+ 17. Rxd4 Qc5 18. Qf2 Rc8 19. Rfd1 e5 20. fxe5 Qxe5 21. a4 {[%cal Ra4b5]} bxa4 22. Rxa4 Nf6 {[%cal Rf6e4]} 23. Qd4 Qg5 24. Bxa6 (24. Rb4 {is more complex.} Rc7 25. Bf3 Rd7 26. Nd5 Nxd5 27. exd5 Re8 28. Rb6) 24... Rxc3 (24... Bxa6 $11 {remains equal.} 25. Rxa6 Ng4) 25. bxc3 $16 ({Resist} 25. Qxc3 $6 Nxe4 26. Qf3 Nc3 $14) 25... Bxe4 {[%csl Ge4][%cal Rg5g2]} 26. Qd2 Qc5+ 27. Rd4 d5 {[#]} (27... h6 $142) 28. Bd3 (28. Bf1 $142 $1) 28... h5 29. Bxe4 Nxe4 30. Qe3 Nxc3 31. Re1 Rc8 32. Rd3 Qa5 33. Qe5 Qc5+ ({Don't blunder} 33... Ne4 $2 34. Rxe4 Rxc2 35. Rxd5 $18) 34. Qd4 {Hoping for Re8+!} Ne4 35. Qxc5 Rxc5 $14 {[%mdl 4096] Endgame KRR-KRN} 36. c4 Rxc4 37. Rxd5 Nf6 38. Rde5 Kh7 39. Re7 Kg6 40. Ra7 Ng4 41. h3 Nh6 $1 42. Ree7 Rc2 43. Rec7 (43. Red7 {feels hotter.} Rb2 44. Rdb7 Rc2 45. Re7 Kf6 46. Re4) 43... Rxc7 44. Rxc7 {KR-KN} h4 45. Kf2 Kg5 ({Black should play} 45... Kf5 $14 46. Ke3 g5) 46. Kf3 g6 {[#]} (46... Kf5 $16 47. Rc5+ Kf6) 47. Ke4 $1 $18 Kf6 48. Kf4 $2 ({White should try} 48. Rc6+ $18 Kg7 49. Kf4) 48... g5+ $1 $14 49. Ke4 Kg6 50. Ke5 f6+ 51. Ke6 Nf5 52. Rd7 Ng7+ 53. Kd5 Nh5 54. Ke4 Ng3+ 55. Kf3 Nf5 56. Ra7 Nh6 57. Ke4 Nf5 58. Ra2 Ng3+ 59. Kd5 Nh5 60. Ke6 (60. Kd4 $14) 60... Nf4+ $11 {The position is equal.} 61. Kd6 g4 62. hxg4 {aiming for Ra5.} Kg5 63. Ke7 Kxg4 64. Kxf6 {Ke5 is the strong threat.} Kg3 65. Ra3+ Kg4 66. Ra4 {White wants to mate with Ke5.} Kg3 67. Kg5 Nxg2 68. Ra3+ Kf2 69. Kg4 {And now Ra2+ would win.} Ne3+ 70. Kxh4 {Strongly threatening Kg5.} Kf3 {Accuracy: White = 53%, Black = 64%.} 1/2-1/2

[Event "9th HDBank Open 2019"]
[Site "Ho Chi Minh City"]
[Date "2019.03.08"]
[Round "2.21"]
[White "Nguyen, Van Huy"]
[Black "Tran, Minh Thang"]
[Result "1/2-1/2"]
[WhiteElo "2428"]
[BlackElo "2343"]
[Annotator "TA"]
[PlyCount "67"]
[EventDate "2019.03.07"]
[EventType "swiss"]
[EventCountry "VIE"]
[SourceTitle "playchess.com"]
[Source "ChessBase"]
[SourceQuality "1"]

{[%evp 21,67,29,36,12,31,37,32,47,45,19,35,10,3,0,0,0,0,0,12,6,19,12,9,6,12,0,0,0,0,0,12,12,11,11,12,0,0,0,0,0,0,0,0,0,0,0,0,0]} 1. d4 Nf6 2. c4 e6 3. Nf3 d5 4. g3 Be7 5. Bg2 O-O 6. O-O dxc4 7. Qc2 a6 8. a4 c5 9. dxc5 Nc6 10. Na3 Bxc5 11. Nxc4 Qe7 12. Nce5 {E05: Open Catalan: 5 Nf3 Be7} Nxe5 (12... Nb4 13. Qc4 Nd7 14. Bd2 Nxe5 15. Nxe5 f6 16. Rac1 Bd6 17. Nd3 Nxd3 18. Qxd3 Rb8 19. Rfd1 b5 {1-0 (42) Wojtaszek,R (2637)-Abasov,N (2505) Warsaw 2009}) 13. Nxe5 Bd4 14. Nf3 {White is slightly better.} Bc5 $146 ({Predecessor:} 14... Ba7 15. b3 Qc5 16. Qxc5 Bxc5 17. Bb2 b6 18. Ne5 Nd5 19. Rfd1 Bd7 20. Nxd7 {1-0 (33) Crombleholme,A-Evans,R England 1989}) 15. Bf4 h6 16. Rac1 b6 $1 {The position is equal.} 17. Qb1 Nd5 18. Bd2 Bb7 19. Ne5 Bb4 20. Bxb4 Nxb4 21. Bxb7 Qxb7 22. Rc4 a5 23. Qe4 Qxe4 24. Rxe4 Rfd8 25. Rc1 Rac8 26. Rxc8 Rxc8 $11 {[%mdl 4096] Endgame KRN-KRN} 27. Rc4 Rd8 $1 28. Nc6 Nxc6 29. Rxc6 {KR-KR} Rd4 30. Rxb6 Rxa4 31. Kg2 Ra2 32. Kf3 a4 33. h4 h5 34. Ke4 {Accuracy: White = 42%, Black = 56%.} 1/2-1/2

[Event "9th HDBank Open 2019"]
[Site "Ho Chi Minh City"]
[Date "2019.03.08"]
[Round "2.22"]
[White "Laxman, R.R."]
[Black "Mithil, Ajgaonkar"]
[Result "1-0"]
[WhiteElo "2425"]
[BlackElo "2332"]
[Annotator "TA"]
[PlyCount "177"]
[EventDate "2019.03.07"]
[EventType "swiss"]
[EventCountry "VIE"]
[SourceTitle "playchess.com"]
[Source "ChessBase"]
[SourceQuality "1"]

{[%evp 24,177,62,52,78,71,74,64,77,75,75,0,77,68,73,57,49,48,72,70,84,73,70,74,68,72,64,64,68,66,75,48,39,41,43,42,58,33,135,131,135,77,77,71,93,87,100,104,96,67,89,58,69,13,30,21,39,0,0,0,29,31,43,0,4,10,9,0,0,0,0,0,0,0,0,0,0,0,5,6,725,717,29982,2376,2366,2220,1391,264,252,0,0,0,0,0,0,0,0,0,952,962,763,785,1000,1002,1000,83,69,76,69,90,81,0,0,0,0,0,64,64,64,64,303,6,60,60,62,60,59,60,60,59,104,59,59,58,69,54,54,42,42,42,42,42,42,42,56,52,59,49,59,52,117,124,162,155,5202,0]} 1. d4 d5 2. Nf3 Nf6 3. c4 e6 4. g3 Be7 5. Bg2 O-O 6. O-O c6 7. Qc2 Nbd7 8. Nbd2 b6 9. e4 dxe4 10. Nxe4 Nxe4 11. Qxe4 Bb7 12. Rd1 Rc8 13. Bf4 Ba8 {E09: Closed Catalan: Main Line: 7 Qc2 c6 8 Nbd2} 14. Qc2 Nf6 $146 ({Predecessor:} 14... Re8 15. c5 Nf6 16. Ne5 Nd5 17. Be4 g6 18. Bh6 Qc7 19. h4 bxc5 20. h5 cxd4 21. Nxf7 {1-0 (52) Krasenkow,M (2585)-Swicarz,M (2308) Lubniewice 2003}) 15. Ne5 Nh5 {White is slightly better.} 16. Be3 Nf6 17. Bf4 Nh5 $1 18. Bd2 Bd6 19. Bf3 Nf6 20. Bf4 Qc7 21. Qc3 c5 22. dxc5 bxc5 {Threatening ...Bxf3.} 23. Bxa8 Rxa8 24. Rxd6 $1 Qxd6 {[#]} 25. Ng6 $1 $36 {[%mdl 2560] Black is under pressure.} Qd7 (25... fxg6 26. Bxd6) 26. Nxf8 Rxf8 27. Be5 Ne4 28. Qe3 Qc6 29. Qf3 Rc8 30. Re1 f5 (30... Ng5 $14 31. Qxc6 Rxc6) 31. Rd1 $16 Qe8 32. Qd3 (32. Qb3 $142 $1) 32... Ng5 33. Qe3 Nf7 34. Bc3 Qc6 35. b3 h6 36. f4 Re8 37. Be5 Kh7 38. Qc3 (38. Bb2 $14) 38... Rg8 39. Kf2 g5 40. Qf3 (40. Qe3 {feels hotter.} a5 41. a4 Re8 42. fxg5 Nxg5 43. Rd3) 40... Nxe5 41. fxe5 $11 {[%mdl 4096] Endgame KQR-KQR} Qc8 (41... Qa6 {with more complications.} 42. Qe2 Qb7 43. Kg1 Rg7 44. Qe3 Qc8) 42. Rd6 Rg7 43. Qd1 Rf7 44. Qd3 Kg7 45. Qf3 f4 {Threatens to win with ...fxg3+.} 46. g4 Rd7 47. Qd3 Rxd6 48. exd6 {KQ-KQ} Qd7 49. b4 cxb4 50. c5 Kf6 51. Qd4+ e5 $2 {[%mdl 8192]} (51... Kf7 $11) 52. Qd3 $1 $18 {[%cal Rd3f5] Black must now prevent Qf5+!} Qa4 53. Qf5+ (53. d7 $142 Qxa2+ 54. Kg1 Qa1+ 55. Kg2 f3+ 56. Kxf3 e4+ {[%mdl 64] Decoy} 57. Kxe4 Qh1+ 58. Ke3 Qg1+ 59. Kf3 Qh1+ 60. Kg3 Qe1+ 61. Kg2) 53... Kg7 54. Qxe5+ Kg6 55. Qe6+ $2 (55. Qe4+ Kg7 56. Qd4+ Kf7 57. Qc4+ Kf6 58. c6) 55... Kg7 56. Qc4 $2 (56. Qe7+ $18 Kg6 57. Qe6+ Kg7 58. Qe5+ Kg6 59. Qe4+ Kg7 60. Qd4+ Kf8 61. Qf6+ Kg8 62. Qg6+ Kf8 63. Qxh6+ Kg8 64. Qxg5+ {[%mdl 64] Double Attack} Kh7 65. Qe7+ Kg6 66. Qe4+ Kf7 67. Qxf4+ Kg8 68. Qc4+ Kg7 69. Qd4+ Kh6 70. d7 Qxa2+ 71. Kg3) 56... Qd1 $11 57. Qxb4 {And now Qc3+ would win.} Qc2+ 58. Ke1 {Hoping for Qd4+.} Qc1+ 59. Ke2 Qc2+ 60. Qd2 f3+ $2 {[%mdl 8192]} (60... Qxc5 $11 61. d7 Qb5+ 62. Qd3 Qb2+ 63. Kf1 Qa1+ 64. Kf2 Qb2+ 65. Ke1 Qc1+ 66. Qd1 Qe3+ 67. Kf1 Qh3+ 68. Kg1 Qe3+ 69. Kh1 Qe4+ 70. Kg1 Qe3+ 71. Kh1 Qe4+ 72. Kg1 Qe3+) 61. Ke3 $18 Qxc5+ 62. Kxf3 Qc6+ 63. Kg3 Kf6 64. d7 $2 (64. Qd4+ $18 {and White stays clearly on top.} Ke6 65. d7 Qc7+ 66. Kf3 Qxd7 67. Qxd7+ Kxd7 68. Ke4) 64... Qc7+ $16 65. Kf3 Qc6+ 66. Kf2 Qb6+ 67. Qe3 ({White should play} 67. Ke2 $16 Qe6+ 68. Kf3 Qc6+ 69. Kf2 Qb6+ 70. Kf3 Qc6+) 67... Qb2+ $11 68. Kg3 Qb8+ 69. Kh3 Qc7 (69... Qd6 $11) 70. Qd4+ $14 Ke7 71. d8=Q+ Qxd8 72. Qxa7+ $2 (72. Qxd8+ $18 Kxd8 73. Kg3) 72... Kf6 (72... Kf8 $11) 73. Qh7 Ke5 $1 74. Kg3 Qd6 75. Qf5+ Kd4+ 76. Kg2 Kc3 77. Qf2 {Qg3+ is the strong threat.} Kb4 78. Qb2+ Ka4 79. Qb3+ Ka5 80. h3 (80. Qc3+ {seems wilder.} Kb5 81. Kh3 Ka4 82. Qc4+ Ka5 83. Qe2) 80... Qd2+ 81. Kf3 Qf4+ 82. Ke2 Qh2+ 83. Kd1 Qh1+ 84. Kc2 Qh2+ 85. Kb1 Qh1+ 86. Kb2 Qh2+ {[#]} (86... Qg2+ $14 87. Ka3 Qe4) 87. Qc2 $1 $16 {[%cal Rc2h2]} Qb8+ {[#]} 88. Kc1 $1 Qe5 $2 (88... Qg3 $16) 89. Qd1 $2 {[%mdl 32768] Accuracy: White = 46%, Black = 45%. . Loss on time!?} ({Only move:} 89. Qf5 $18 Qb5 90. Qxb5+ Kxb5 91. Kd2) 1-0

[Event "9th HDBank Open 2019"]
[Site "Ho Chi Minh City"]
[Date "2019.03.08"]
[Round "2.23"]
[White "Nandhidhaa, P V"]
[Black "Bulmaga, Irina"]
[Result "0-1"]
[WhiteElo "2240"]
[BlackElo "2424"]
[Annotator "TA"]
[PlyCount "128"]
[EventDate "2019.03.07"]
[EventType "swiss"]
[EventCountry "VIE"]
[SourceTitle "playchess.com"]
[Source "ChessBase"]
[SourceQuality "1"]

{[%evp 11,128,-20,10,0,0,0,0,0,0,-13,-10,-79,-39,-70,-70,-78,-79,-71,-62,-65,-72,-128,-125,-102,-89,-123,-132,-143,-66,-83,-33,-59,41,35,51,-9,141,87,73,7,17,13,31,28,49,0,80,-11,0,0,0,0,167,129,230,209,270,97,95,101,93,95,81,96,87,87,80,0,0,0,0,0,0,0,0,0,0,-132,-133,-132,-139,-150,-157,-197,-129,-113,0,-178,-184,-177,-135,-213,-205,-288,-298,-322,-250,-333,-180,-180,-175,-349,-267,-862,-862,-845,-802,-689,-783,-891,-870,-1382,-1305,-29972,-29974,-29986,-29987,-29987,-29988]} 1. Nf3 Nf6 2. g3 b6 3. Bg2 Bb7 4. O-O e6 5. d3 d5 6. e4 c5 7. e5 {A05: Réti Opening: 1 Nf3 Nf6} Nfd7 8. Re1 Be7 9. c3 {The position is equal.} (9. Nbd2 Nc6 10. Nf1 Qc7 11. Bf4 h6 12. h4 O-O-O 13. c3 Rdg8 14. d4 g5 15. hxg5 hxg5 16. Be3 cxd4 17. cxd4 Kb8 18. a3 Qd8 19. b4 Qf8 20. Rc1 Qh6 21. Qa4 {1-0 (53) Kozul,Z (2613)-Kosteniuk,A (2555) Tallinn 2016}) 9... Nc6 10. Qe2 g5 11. Na3 $146 (11. Be3 $11 {keeps the balance.}) ({Predecessor:} 11. h3 h5 12. Nbd2 Qc7 13. g4 hxg4 14. hxg4 O-O-O 15. Nf1 Rdg8 16. a3 Nf8 17. d4 f5 18. exf6 Bxf6 19. dxc5 bxc5 20. Ng3 e5 21. Nh5 Nd7 22. Nh2 {½-½ (30) Caglar,S (2184)-Ziegenfuss,A (1969) Porto Carras 2018}) 11... g4 $17 12. Nd2 Ndxe5 13. d4 cxd4 14. cxd4 Ng6 15. Qxg4 h5 16. Qf3 (16. Qd1 $142) 16... Nxd4 17. Qd3 Nc6 18. Nb3 Qd7 19. Be3 Nge5 (19... O-O-O $17 20. Nd4 Nb4) 20. Qe2 $15 O-O-O 21. Rac1 Bxa3 ({Better is} 21... Ng6 $15) 22. bxa3 $14 Nc4 23. Bf4 (23. Bg5 $1 $14) 23... e5 (23... h4 $1 $11) 24. Bg5 (24. Bxe5 $142 N6xe5 25. Qxe5) 24... Rdg8 $16 25. h4 (25. Red1 $1 $16 Rxg5 26. Rxc4) 25... Rg6 $11 26. Nd2 Nxd2 27. Bxd2 {Qxe5 is the strong threat.} f6 28. Qd3 {[%mdl 1024] White has compensation.} e4 (28... Rg4 $11) 29. Qb3 ({White should try} 29. Qb5 $16) 29... Kb8 30. Bf4+ Ne5 31. Red1 {Strongly threatening Bxe4!} d4 $2 (31... Rg4 $1 $11 {and Black has nothing to worry.} 32. Bxe4 Rxf4 33. gxf4 Rg8+ 34. Bg2 Qg4) 32. Qb2 $36 {[%mdl 2048] Keeping Black busy.} Ka8 (32... Rd8 $16) 33. Rxd4 $18 {[%mdl 64] Double Attack} Qf5 34. Bxe5 $2 (34. Qd2 $18 {is more deadly. Threatening mate with Rd8+.} Rgg8 35. Rc7 Nf3+ 36. Bxf3 exf3 37. Rxb7 $1 {[%mdl 512]} Kxb7 38. Qe3) 34... fxe5 $16 {[#]} 35. Rxe4 $1 Bxe4 36. Qc2 Rg4 {[#]} 37. Re1 $1 {[%cal Rg2e4]} Kb8 38. Bxe4 Qf6 39. Rc1 ({White should play} 39. Rd1 $16 {Intending Rd7 and mate.} Rc8 40. Qe2) 39... Qd6 $1 $11 40. Bf3 Rd4 41. Qf5 {aiming for Rc6.} Rf8 42. Qxh5 Qf6 {And now ...Rd2 would win.} 43. Rc2 Rh8 $1 {[%cal Rh8h5]} 44. Qg5 (44. Rc6 $1 $11 Qg7 45. Qf5) 44... Qxg5 $17 45. hxg5 {[%mdl 4096] Endgame KRR-KRB} Rg8 46. Be2 Rxg5 47. Bb5 Rg8 (47... e4 $19 48. a4 Rc5) 48. Re2 Rg5 (48... Rd1+ $17 49. Kh2 Rg5) 49. a4 $2 (49. Rc2 $1 $11) 49... Kb7 $19 50. Rc2 Rg6 51. a5 (51. Kg2 $17) 51... bxa5 52. Rc5 (52. Kf1 $142) 52... e4 53. Re5 Kb6 54. Bf1 Rf6 (54... Rc6 $142 55. Rb5+ Kc7) 55. Rb5+ Kc7 {Threatens to win with ...e3!} 56. Rc5+ $2 (56. Rxa5 Kb7 57. Rb5+ Rb6 58. g4) 56... Kd8 {Hoping for ...e3!} 57. Bh3 $2 (57. Rxa5 e3 58. f4) 57... Rd1+ 58. Kg2 Rd2 {[%mdl 64] Double Attack} 59. Bf5 e3 60. g4 Rxa2 61. Re5 exf2 62. g5 Rd6 {Black mates.} 63. Bg4 Rdd2 64. g6 Ra1 {Accuracy: White = 36%, Black = 54%.} 0-1

[Event "9th HDBank Open 2019"]
[Site "Ho Chi Minh City"]
[Date "2019.03.08"]
[Round "2.24"]
[White "Tu, Hoang Thong"]
[Black "Kulkarni, Rakesh"]
[Result "0-1"]
[WhiteElo "2416"]
[BlackElo "2298"]
[Annotator "TA"]
[PlyCount "76"]
[EventDate "2019.03.07"]
[EventType "swiss"]
[EventCountry "VIE"]
[SourceTitle "playchess.com"]
[Source "ChessBase"]
[SourceQuality "1"]

{[%evp 9,76,2,14,13,10,15,18,-4,18,-31,-23,-11,48,-39,-38,-38,-34,-34,-35,-32,-32,-32,-30,-30,-29,-32,-29,-36,-36,-47,-44,-47,-42,-214,-209,-189,-210,-207,-199,-198,-190,-187,-184,-186,-187,-207,-202,-200,-206,-224,-241,-322,-322,-322,-322,-538,-488,-518,-489,-653,-618,-823,-797,-811,-786,-1624,-1624,-1049,-798]} 1. b3 e5 2. Bb2 Nc6 3. e3 a6 4. Ne2 (4. Nf3 e4 5. Nd4 Nf6 6. Nxc6 dxc6 7. d3 Bf5 8. Be2 Bd6 9. O-O Qe7 10. Nd2 O-O-O 11. Nc4 h5 12. Nxd6+ cxd6 13. dxe4 Bxe4 {0-1 (47) Nakamura,H (2786)-Caruana,F (2802) chess.com INT 2017}) 4... Nf6 5. d4 exd4 6. Nxd4 {A01: Nimzowitsch-Larsen Opening} Nxd4 7. Qxd4 d5 $146 ({Predecessor:} 7... Be7 8. c4 d6 9. Nc3 Bf5 10. h3 c5 11. Qf4 Bg6 {½-½ (41) Sabol,M (2299)-Kalivoda,J (2192) Czechia 2002}) 8. Nc3 {The position is equal.} c5 9. Qh4 Be6 10. O-O-O Qc7 (10... Be7 $11) 11. Ne2 (11. g4 $14) 11... Be7 $15 {Strongly threatening ...Ng4.} 12. Nf4 Ne4 13. Qh5 O-O-O $1 14. Nxd5 Rxd5 15. Rxd5 Nxf2 16. Rg1 $1 {And now Bc4 would win.} Bxd5 17. Qxd5 {Qf5+ is the strong threat.} Rd8 $40 {[%mdl 128] Black is up to no good.} 18. Qf5+ {[%mdl 64] Double Attack} Qd7 19. Qxd7+ Rxd7 {[%csl Gf2][%cal Rd7d1]} 20. Bc4 ({Much worse is} 20. Bxg7 Rd1+ 21. Kb2 Bg5 $19) 20... Bg5 $1 21. Bxg7 $2 {[#]} ({White should play} 21. Kb1 $15) 21... b5 $1 $19 ({Stronger than} 21... Bxe3+ 22. Kb1 $11) 22. Be2 f6 23. Bf8 Bxe3+ 24. Kb2 Rf7 25. Bd6 Kd7 26. Bg3 {[#]} Nd3+ $1 {[%mdl 576] Discovered Attack} 27. Bxd3 (27. cxd3 Bxg1) 27... Bxg1 {[%mdl 4096] Endgame KRB-KB} 28. a4 Kc6 29. a5 Bd4+ 30. c3 Be5 31. Be4+ Kd6 32. Bxe5+ $2 (32. Bh4 {keeps fighting.}) 32... Kxe5 {KR-KB. Black is clearly winning.} 33. Bf3 Kf4 34. Kc2 Ke3 35. Bd5 Rd7 36. c4 b4 37. Bc6 Rd2+ 38. Kc1 Ra2 {Accuracy: White = 31%, Black = 83%.} 0-1

[Event "9th HDBank Open 2019"]
[Site "Ho Chi Minh City"]
[Date "2019.03.08"]
[Round "2.25"]
[White "Nouri, Alekhine"]
[Black "Le, Quang Long"]
[Result "0-1"]
[WhiteElo "2064"]
[BlackElo "2412"]
[Annotator "TA"]
[PlyCount "110"]
[EventDate "2019.03.07"]
[EventType "swiss"]
[EventCountry "VIE"]
[SourceTitle "playchess.com"]
[Source "ChessBase"]
[SourceQuality "1"]

{[%evp 14,110,15,20,30,0,37,0,0,-45,-35,-76,-63,-111,-56,-36,15,41,13,0,0,0,0,-126,-104,-126,-119,-128,-55,-55,-55,-55,-41,-39,-1,-9,0,-4,59,54,50,46,45,51,52,0,7,7,38,47,116,-7,0,-16,13,9,20,0,0,0,21,-28,-28,-28,-22,-27,-29,-32,-36,-75,-35,-106,-36,-109,-96,-105,-88,-101,-107,-93,-61,-70,-87,-343,-341,-332,-306,-487,-447,-533,-532,-510,-423,-29980,-29981,-29986,-29987,-29987,-29988]} 1. e4 c6 2. d4 d5 3. e5 Bf5 4. Nf3 e6 5. Be2 Nd7 6. O-O h6 7. Be3 Ne7 8. Nbd2 Qc7 {B12: Caro-Kann: Advance Variation} (8... Bh7 9. Nb3 Qc7 10. Rc1 Nb6 11. Qd2 Nc4 12. Qc3 Nxe3 13. fxe3 Ng6 14. Qe1 Be7 15. c4 O-O 16. cxd5 exd5 {½-½ (70) Le Roux,J (2572)-Sumets,A (2595) Belgium 2016}) 9. c4 g5 10. c5 Bg7 {The position is equal.} 11. Ne1 O-O-O 12. f4 $146 ({Predecessor:} 12. Qa4 Kb8 13. Rc1 f6 14. exf6 Bxf6 15. f4 {0-1 (30) Melendez Fierro,J (2330)-Garcia Palermo,C (2455) Zaragoza 1993}) 12... f6 13. g4 Bg6 ({Black should try} 13... gxf4 $17 14. Bxf4 fxe5) 14. Ng2 $15 gxf4 (14... Rdg8 $15) 15. Nxf4 $11 Bf7 16. Nd3 {Hoping for exf6.} Rdf8 {[%cal Rf6e5]} 17. exf6 Bxf6 18. Qa4 (18. Rxf6 $11 Nxf6 19. Bf4) 18... Bg5 $17 19. Bf4 Bxf4 20. Rxf4 Ng6 (20... Bg6 $17 21. Rxf8+ Rxf8) 21. Rf2 $15 Kb8 22. Raf1 Be8 23. Rxf8 Ndxf8 24. Nf3 $132 {[%mdl 2048] White is fighting back} Rg8 25. Qb4 Nf4 (25... h5 $11) 26. Nxf4 $14 Qxf4 27. Ne5 Qe3+ {[%mdl 64] Double Attack} 28. Rf2 Ng6 {Threatens to win with ...Rf8.} 29. Nxg6 (29. Qc3 $1 $14 Qxc3 30. bxc3) 29... Bxg6 30. Qc3 Qg5 31. Qg3+ Kc8 {[#]} (31... Ka8 $14) 32. Qf4 (32. h4 $1 $16 {[%cal Rh4g5]} Qc1+ {[%mdl 64] Double Attack} 33. Rf1) 32... Qxf4 $11 33. Rxf4 {[%mdl 4096] Endgame KRB-KRB} b6 34. b4 Kd7 35. Rf3 bxc5 36. bxc5 a5 37. Ra3 e5 38. dxe5 Ke6 39. Rxa5 Kxe5 40. Ra6 Rc8 {[%mdl 1024] Black has compensation.} 41. Ra4 Bc2 42. Rb4 ({White should play} 42. Ra3 $15) 42... Ra8 ({Better is} 42... d4 $17 {aiming for ...d3.} 43. Bf3 Be4 44. Bxe4 Kxe4) 43. Rb2 (43. Rb6 $1 $15) 43... Be4 $17 44. h4 Kd4 45. Kf2 Kxc5 46. Ke3 Ra3+ 47. Kf4 Kd4 48. g5 $2 {[%mdl 8192]} (48. Rb4+ $17 Kc5 49. Rb2) 48... hxg5+ $19 49. hxg5 c5 50. Bh5 (50. Rd2+ {was called for.} Kc3 51. Rd1) 50... c4 51. g6 {[#]} c3 $1 {[%cal Rc3b2]} 52. Rb4+ Kd3 {Strongly threatening ...c2.} 53. g7 (53. Rb1 $19 c2 54. Rg1) 53... c2 {Black mates.} 54. Ke5 c1=Q 55. Rd4+ Ke3 {Accuracy: White = 29%, Black = 44%.} 0-1

[Event "9th HDBank Open 2019"]
[Site "Ho Chi Minh City"]
[Date "2019.03.08"]
[Round "2.26"]
[White "Nitin, S.."]
[Black "Arellano, Robert"]
[Result "1/2-1/2"]
[WhiteElo "2408"]
[BlackElo "2109"]
[Annotator "TA"]
[PlyCount "38"]
[EventDate "2019.03.07"]
[EventType "swiss"]
[EventCountry "VIE"]
[SourceTitle "playchess.com"]
[Source "ChessBase"]
[SourceQuality "1"]

{[%evp 11,38,25,45,37,26,37,35,36,25,16,37,31,43,48,58,53,56,46,79,13,17,0,24,0,27,18,59,0,25]} 1. e4 e5 2. Nf3 Nc6 3. Nc3 d6 4. d4 exd4 5. Nxd4 Nf6 6. Bb5 Bd7 7. Bf4 {C62: Ruy Lopez: Steinitz Defence} (7. O-O Be7 8. Bf4 O-O 9. Re1 Nxd4 10. Qxd4 Bxb5 11. Nxb5 Nd7 12. Qc4 a6 13. Nc3 Bf6 14. Nd5 Rc8 15. Qb4 b6 16. Rad1 Re8 17. b3 Be5 18. Be3 a5 19. Qd2 Nf6 20. Bg5 {½-½ (59) Navara,D (2740)-Andriasian,Z (2585) Katowice 2017}) 7... Be7 8. Qd2 O-O 9. O-O-O {White is slightly better.} Nxd4 10. Qxd4 Bxb5 11. Nxb5 a6 $146 ({Predecessor:} 11... Nh5 12. Be3 Bg5 13. Kb1 Nf4 14. h4 Bf6 {½-½ (27) Kwiatkowski,A (1868)-Wrabel,A (1931) Warsaw 2006}) 12. Nc3 Nd7 13. Nd5 Bf6 14. Qd2 Ne5 15. Qe2 ({Better is} 15. Bxe5 $16 Bxe5 16. f4) 15... c6 $11 16. Nxf6+ Qxf6 17. Bd2 Qe6 18. Kb1 Nc4 19. Bc3 (19. Bc1 $14) 19... f5 {Accuracy: White = 48%, Black = 28%.} 1/2-1/2

[Event "9th HDBank Open 2019"]
[Site "Ho Chi Minh City"]
[Date "2019.03.08"]
[Round "2.27"]
[White "Cheparinov, Ivan"]
[Black "Chandratreya Prachiti"]
[Result "1-0"]
[WhiteElo "2683"]
[BlackElo "2071"]
[Annotator "TA"]
[PlyCount "85"]
[EventDate "2019.03.07"]
[EventType "swiss"]
[EventCountry "VIE"]
[SourceTitle "playchess.com"]
[Source "ChessBase"]
[SourceQuality "1"]

{[%evp 13,85,9,37,-41,88,94,94,88,93,83,82,72,77,85,82,84,83,62,106,106,104,94,108,91,116,115,100,121,118,115,120,115,115,123,178,191,188,186,239,231,387,370,359,368,456,423,456,440,479,482,471,455,602,654,732,712,747,658,739,714,904,904,1250,932,2706,1957,7037,6920,5937,5909,5712,5485,29990,29991]} 1. e4 e6 2. d4 d5 3. Nc3 Bb4 4. e5 c5 5. a3 Bxc3+ 6. bxc3 Ne7 7. Qg4 cxd4 8. Bd3 {C18: French: 3 Nc3 Bb4: Main line: 7 h4 and 7 Qg4} ({White should play} 8. Qxg7 $14 Rg8 9. Qxh7) (8. Qxg7 Rg8 9. Qxh7 Qc7 10. Ne2 Nbc6 11. f4 dxc3 12. Nxc3 Nd4 13. Bb2 Bd7 14. O-O-O Qb6 15. Qd3 Ndf5 16. Rd2 Rc8 17. g3 Ne3 18. Ne4 Rxc2+ 19. Rxc2 dxe4 20. Qxe4 Nxc2 21. Qxc2 {½-½ (31) Giri,A (2752)-Carlsen,M (2834) Wijk aan Zee 2018}) 8... dxc3 (8... Qa5 $15 {stays ahead.} 9. Ne2 Nd7) 9. Qxg7 $16 Rg8 10. Qxh7 {White is better.} Nbc6 11. Nf3 Qc7 12. Bf4 {0-0 is the strong threat.} Bd7 ({Avoid the trap} 12... Rxg2 $2 13. Bg3 $18) 13. Bg3 O-O-O 14. O-O Rdf8 15. Rfe1 Be8 $146 ({Predecessor:} 15... Ng6 16. h4 Rh8 17. Qg7 Nce7 {1-0 (56) Rauzer,V-Rabinovich,I Leningrad 1936}) 16. Qh6 Rh8 17. Qe3 Rfg8 18. Qc5 Qa5 19. Qxa5 Nxa5 20. Bh4 Ng6 21. Bf6 Rh5 {White should prevent ...Nf4.} 22. g3 Nf8 23. h4 Nh7 (23... Nd7 $16) 24. Bxh7 $18 Rxh7 25. Re3 Rg4 (25... Bc6 {was worth a try.} 26. Ng5 (26. Rxc3 Nc4 $16) 26... Rxg5) 26. Rxc3+ Rc4 $2 {[#]} (26... Bc6 27. Rd1 Nc4) 27. Rxc4+ $1 Nxc4 28. g4 Nb6 29. Kg2 Nd7 30. Kg3 Nxf6 31. exf6 {[%mdl 4096] Endgame KRB-KRN} Kc7 32. Ne5 Kd6 33. f4 Ba4 34. c3 Bc2 35. h5 Be4 36. Ra2 b6 37. Rh2 Kc7 38. g5 Kd8 39. g6 fxg6 40. hxg6 Bxg6 41. Nxg6 Rf7 42. Rh8+ Kd7 43. Ne5+ {[%mdl 64] Double Attack. Accuracy: White = 82%, Black = 31%.} 1-0